• 首页
  • 本馆介绍
  • 公告通知
  • 最新文献
  • 馆藏检索
  • 电子资源
  • 读者导购
  • 参考咨询
  • 我的图书馆
  • 登录
  • 详细信息显示
  • 放入我的书架
  • 预约/预借图书
  • 作者相关作品
  • 分类相关作品
  • 丛书相关作品
  • 出版社相关作品

书目信息

  • 表格格式
  • 工作单格式
  • 卡片格式
题名:
号角
    
 
作者: 唐思 , 谢亮 主编
分册: III  
出版信息: 北京   中国长安出版社  2018
页数: 272页
开本: 27cm
丛书名:
单 册:
中图分类: TS941.732
科图分类:
主题词: 制服--zhi fu--介绍--世界 , 徽章--hui zhang--介绍--世界
电子资源:
ISBN: 978-7-5107-0797-1
000 01215cam 2200289 45
001 012001010182
005 20191107105341.26
010    @a978-7-5107-0797-1@dCNY179.80
099    @aCAL 012018135447
100    @a20181024d2018 ekmy0chiy50 ea
101 0  @achi
102    @aCN@b110000
105    @aack z 000yy
106    @ar
200 1  @a号角@Ahao jiao@e世界经典制服徽章艺术@hIII@f唐思, 谢亮主编
205    @a第2版@b修订版
210    @a北京@c中国长安出版社@d2018
215    @a272页@c图 (部分彩图), 肖像@d27cm
330    @a本书是以徽章、制服为主题的系列读物第三册,秉承专业、系统、全面又不失趣味性的编撰理念,权威收录世界各国近现代各类徽章制服及其发展历史。该书凝注创作团队的精细考证,具有相当学术参考价值。本期推出《血路残阳:日本从军记章及相关勋奖小考》《金鸡尊饰:第三帝国的大区荣誉证章》《黑鹰旗下:第一次世界大战中的德国陆军服饰与徽章鉴赏(一)》等精彩文章。
517 1  @a世界经典制服徽章艺术@Ashi jie jing dian zhi fu hui zhang yi shu
606 0  @a制服@Azhi fu@x介绍@y世界
606 0  @a徽章@Ahui zhang@x介绍@y世界
690    @aTS941.732@v5
701  0 @a唐思@Atang si@4主编
701  0 @a谢亮@Axie liang@4主编
801  0 @aCN@b上海新华@c20191020
905    @b1135916-7@dTS941.732@e98:3=2@f2
    
    号角:世界经典制服徽章艺术.III/唐思, 谢亮主编.-第2版,修订版.-北京:中国长安出版社,2018
    272页:图 (部分彩图), 肖像;27cm
    
    
    ISBN 978-7-5107-0797-1:CNY179.80
    本书是以徽章、制服为主题的系列读物第三册,秉承专业、系统、全面又不失趣味性的编撰理念,权威收录世界各国近现代各类徽章制服及其发展历史。该书凝注创作团队的精细考证,具有相当学术参考价值。本期推出《血路残阳:日本从军记章及相关勋奖小考》《金鸡尊饰:第三帝国的大区荣誉证章》《黑鹰旗下:第一次世界大战中的德国陆军服饰与徽章鉴赏(一)》等精彩文章。
●
相关链接 在E读中查询图书 在五车中查询图书 在当当中查询图书 在豆瓣中查询图书


正题名:号角     索取号:TS941.732/98:3=2         预约/预借

序号 登录号 条形码 馆藏地/架位号 状态 备注
1 1135916   211359162   第二样本阅览室/ [索取号:TS941.732/98:3=2] 在馆    
2 1135917   211359171   第三借阅区/ [索取号:TS941.732/98:3=2] 在馆    
唐山师范学院图书馆 欢迎您!
大连网信软件有限公司© 版权所有